| 000 | 00962nam a2200229Ii 4500 | ||
|---|---|---|---|
| 003 | JO-AjNU | ||
| 008 | 230605s9999||||xx |||||||||||||| ||und|| | ||
| 017 | _a97/8692 | ||
| 020 | _a977-01-5379-6 | ||
| 040 |
_aJO-AjNU _bara _erda _cJO-AjNU |
||
| 041 | _aara | ||
| 050 | 1 | 4 | _aBL2441.2.I7512 1997 |
| 100 | 3 |
_aإرمان، أدولف ؛ ترجمة: عبد المنعم أبو بكر ، محمد أنور شكري, _eauthor _957089 |
|
| 245 | 0 | 0 | _aديانة مصر القديمة : نشأتها وتطورها ونهايتها في أربعة الآف سنة |
| 264 | 3 | 1 | _aالقاهرة: الهيئة المصرية العامة للكتاب، 1997 |
| 300 |
_a526ص _bفهرس ابجدي ص 491-516 ؛ اللوحات ص 517-526 |
||
| 336 |
_atext _btxt _2rdacontent |
||
| 337 |
_aunmediated _bn _2rdamedia |
||
| 338 |
_avolume _bnc _2rdacarrier |
||
| 490 | 0 | _aالمصريات | |
| 650 | 4 |
_aالديانات القديمة- مصر- تاريخ قديم _957090 |
|
| 999 |
_aA25562 _c29130 _d29130 |
||